Contrastación de un método preliminar de análisis para edificios altos
محفوظ في:
| المؤلف الرئيسي: | |
|---|---|
| التنسيق: | غير معروف |
| منشور في: |
[San José, Costa Rica]
1979
|
| الوسوم: |
إضافة وسم
لا توجد وسوم, كن أول من يضع وسما على هذه التسجيلة!
|
MARC
| LEADER | 00000 a2200000 4500 | ||
|---|---|---|---|
| 003 | 000919 | ||
| 005 | 20221231143735.0 | ||
| 008 | 140114s1979 c a m 000 ||s d | ||
| 040 | |c cru CEDI | ||
| 090 | |a TFG 806 | ||
| 100 | |a Tarcica Korper, Frida |9 16230 | ||
| 245 | |a Contrastación de un método preliminar de análisis para edificios altos | ||
| 260 | |c 1979 |a [San José, Costa Rica] | ||
| 300 | |a 46[14] hojas ;ilustraciones | ||
| 500 | |a A la cabeza de la portada. Informe del Proyecto Final para Graduación.-Universidad de Costa Rica. Facultad de Ingeniería. Escuela de Ingeniería Civil | ||
| 942 | |c TFG | ||
| 999 | |c 11099 |d 11099 | ||
